Về tiểu thuyết sử dụng ngôi thứ nhất trong văn học phương Tây thế kỉ XVIII /

Spremljeno u:
Bibliografski detalji
Glavni autor: Lai Nguyên Cẩn
Format: Članak
Jezik:Vietnamese
Teme:
Oznake: Dodaj oznaku
Bez oznaka, Budi prvi tko označuje ovaj zapis!
Thư viện lưu trữ: Thư viện Trường Đại học Đà Lạt
LEADER 00762nam a2200253 4500
001 DLU040000076
040 # # |a DLU  |b vie 
041 # # |a vie 
044 # # |a vn 
100 # # |a Lai Nguyên Cẩn 
245 # # |a Về tiểu thuyết sử dụng ngôi thứ nhất trong văn học phương Tây thế kỉ XVIII /  |c Lai Nguyên Cẩn 
653 # # |a Tiểu thuyết 
653 # # |a Văn học phương Tây 
773 # # |a Tạp chí Văn học  |g Số 3 - 2003, tr. 25 - 34  
920 # # |a Phòng Tạp chí -- Trung tâm Thông tin - Thư viện Trường Đại học Đà Lạt 
933 # # |a NV 
994 # # |a DLU 
900 # # |a True 
911 # # |a Nguyễn Năng Hải 
925 # # |a G 
926 # # |a A 
927 # # |a BB 
980 # # |a Thư viện Trường Đại học Đà Lạt